|
|
|
|
| LEADER |
01187nam a22003137a 4500 |
| 001 |
34576 |
| 003 |
BD-DhAAL |
| 005 |
20211125121159.0 |
| 008 |
190416t2003 ii a|||| b||| 001 0 eng d |
| 999 |
|
|
|c 40640
|d 40640
|
| 020 |
|
|
|a 9788126115853
|
| 020 |
|
|
|a 8126115858
|
| 040 |
|
|
|a BD-DhAAL
|
| 082 |
|
|
|a 327.5492
|2 21
|
| 245 |
|
|
|a Bangladesh :
|b diplomacy and foreign policy /
|c editor-in-chief Nagendra Kr Singh
|
| 250 |
|
|
|a First Edition
|
| 260 |
|
|
|a New Delhi :
|b Anmol Publications Pvt. Limited,
|c 2003
|
| 300 |
|
|
|a ix, 333 pages ;
|b illustrations
|c 24 cm.
|
| 490 |
|
|
|a Encyclopaedia of Bangladesh series.
|
| 504 |
|
|
|a Includes bibliographical references and index
|
| 526 |
|
|
|a SOL
|
| 541 |
|
|
|a Hye Trade International
|e 34576
|
| 650 |
|
|
|a Diplomatic relations.
|9 31238
|
| 650 |
|
|
|a Law.
|9 43188
|
| 651 |
|
|
|a Bangladesh
|x Foreign relations.
|9 31239
|
| 700 |
|
|
|a Nagendra Kr. Singh,
|d 1963-
|9 31240
|
| 852 |
|
|
|a Ayesha Abed Library
|c General Stacks
|
| 942 |
|
|
|2 ddc
|c BK
|
| 952 |
|
|
|0 0
|1 0
|2 ddc
|4 0
|6 327_549200000000000_BAN
|7 0
|9 65322
|a BRACUL
|b BRACUL
|c GEN
|d 2019-03-25
|e Hye Trade International
|g 1677.00
|l 2
|m 37
|o 327.5492 BAN
|p 3010034576
|r 2023-10-07
|s 2023-02-19
|t 1
|v 1677.00
|w 2019-03-25
|y BK
|